000 00666nam a2200229Ia 4500
005 20241129115538.0
008 241129s9999||||xx |||||||||||||| ||und||
020 _a9780821887356
037 _aTB
040 _aSDCL
_beng
_cSDCL
041 _aeng
_2eng
084 _aB331 Q2
_qSDCL
100 _aPalais Richard S.; Palais Robert A.
_9727716
245 0 _aDifferential equations, mechanics, and compurion
260 _aHimayatnagar
_bAmerican Mathematical Society
_c2012
300 _axiii,313p.
365 _aINR
_b0
490 _aStudent mathematical library Volume 51
650 _aGift
942 _cTB
_hB331 Q2
999 _c1230913
_d1230913